01120nam a22002297a 4500003001700000005001700017008004100034020001800075040000700093041001200100082001600112100002300128245001100151260004000162300002700202365006200229520036500291650003700656942001200693999001900705952016600724St Aloysius Coll20260122162855.0260117b |||||||| |||| 00| 0 eng d a9781526677884 cAL aEnglish a813.6bKHAS aBal Khabra9251625 aSpiral aLondonbBloomsbury Publishingc2025 a357p.bPBc19.8x12.8cm 2Generala5468b₹399.00c₹d₹499.00e20%f10/01/2026 aHe’s on edge while she’s end pointe in this fake-dating sports romance from the author of the smash hit "Collide". Elias Westbrook, a newly drafted hockey player for the Toronto Thunder, is facing the challenges of fame and media scrutiny. With a growing fan base and too many expectations on his shoulders, he’s struggling to make his first career goal. 2FictionaEnglish Fiction9251626 2ddccBK c240776d240776 00102ddc40708MAENGaSACPGbSACPGd2026-01-14eBiblios Book Pointg399.00l2m1o813.6 KHASpPG025156r2026-03-24 13:12:31s2026-02-14v499.00w0000-00-00yBK